Hodnotenie existujúcich databáz zrážkových údajov pre vybrané územie SR

Salvato in:
Dettagli Bibliografici
Autore principale: Považanová, Barbora (Autore)
Altri autori: Čistý, Milan (Relatore della tesi)
Natura: Manoscritto Libro
Lingua:slovacco
Pubblicazione: 2021
Soggetti:
Accesso online:http://is.stuba.sk/zp/portal_zp.pl?podrobnosti=159065
https://opac.crzp.sk/?fn=detailBiblioForm&sid=1D055279E2D1258CB57E2E1E7F1A
Tags: Aggiungi Tag
Nessun Tag, puoi essere il primo ad aggiungerne!!

MARC

LEADER 00000ntm a22000003a 4500
001 stuzp82951
003 SK-STU
005 20230515113155.1
007 ta
008 150427s2015----xo-----f-mn---000-0-slo-d
040 |a STU  |b slo 
041 0 |a slo 
100 1 |a Považanová, Barbora  |u 010160  |4 aut  |U SvF Stavebná fakulta  |T SvF Katedra vodného hospodárstva krajiny  |X 87768  |U V160  |Y 16  |7 87768 
242 0 1 |a Evaluation of existing databases of precipitation for a selected territory of the Slovak Republic  |y eng 
245 1 0 |a Hodnotenie existujúcich databáz zrážkových údajov pre vybrané územie SR 
260 |c 2021 
650 4 |a Zrážky  |2 slo 
650 4 |a LASSO  |2 slo 
650 4 |a RStudio  |2 slo 
650 4 |a Databázy  |2 slo 
650 4 |a Precipitation  |2 eng 
650 4 |a LASSO  |2 eng 
650 4 |a Databases  |2 eng 
650 4 |a RStudio  |2 eng 
700 1 |a Čistý, Milan  |u 010160  |k Z1  |4 ths  |U SvF Stavebná fakulta  |T SvF Katedra vodného hospodárstva krajiny  |X 4056  |U V160  |Y 16  |7 A000004056 
856 4 |u http://is.stuba.sk/zp/portal_zp.pl?podrobnosti=159065 
856 4 |u https://opac.crzp.sk/?fn=detailBiblioForm&sid=1D055279E2D1258CB57E2E1E7F1A